000 00502nam a2200181Ia 4500
005 20250326123619.0
008 250326s9999 xx 000 0 und d
037 _aTextbook
040 _aFMSL
_beng
_cFMSL
041 _aeng
_2eng
084 _aB287 K7
_qFMSL
100 _aConway R W
_9735624
245 0 _aTheory of scheduling
_cConway R W; Maxwell W L And Others
260 _aUSA
_bUSA, Addison-Wesley
_c1967
300 _a294p
942 _cTB
_hB287 K7
999 _c1270162
_d1270162